[Event "NED-ch53"]
[Site "Rotterdam"]
[Date "1998.07.01"]
[Round "9"]
[White "Van Wely, Loek"]
[Black "Van der Wiel, John"]
[Result "1-0"]
[WhiteElo "2605"]
[BlackElo "2525"]
[Annotator "Golod,V"]
[PlyCount "47"]
[EventDate "1998.06.21"]
[EventType "tourn"]
[EventRounds "11"]
[EventCountry "NED"]
[EventCategory "12"]
[SourceTitle "CBM 066"]
[Source "ChessBase"]
[SourceDate "1998.09.30"]
[SourceVersion "1"]
[SourceVersionDate "1998.09.30"]
[SourceQuality "1"]

1. d4 Nf6 2. c4 e6 3. Nc3 Bb4 4. Qc2 O-O 5. a3 Bxc3+ 6. Qxc3 d6 $5 7. Bg5 Qe7
$5 (7... Nc6 $5 8. Nf3 Re8 9. e3 e5 10. dxe5 dxe5 11. Be2 a5 12. b3 Bg4 13. Qb2
Qd6 14. h3 Bh5 15. Rd1 Qe6 16. Bxf6 Qxf6 17. O-O Qe7 18. Rd5 {1/2-1/2 Gerusel,
M-Unzicker,W/West Berlin 1971}) (7... Nbd7 $5 8. e3 c5 9. Bd3 b6 10. Ne2 Bb7
11. O-O h6 12. Bh4 d5 $5 $13 {1-0 Gurevich,M-Andersson,U/BL 9798 1998 (37)}) (
7... b6 $5 8. e3 Nbd7 9. Nf3 Bb7 10. Be2 c5 11. dxc5 bxc5 12. Nd2 a5 13. O-O
Ra6 14. b3 Qa8 15. f3 Rb8 $11 {0-1 Sirotkina,N-Brodsky,M/Chigorin mem open, St
Petersburg RUS 1997 (54)}) (7... h6 8. Bh4 g5 9. Bg3 Ne4 10. Qc2 f5 11. e3 Qf6
12. Bd3 (12. Ne2 $5 e5 13. f3 Nxg3 14. hxg3 $14) 12... Nxg3 13. hxg3 e5 14.
O-O-O (14. Qc3 c5 15. dxe5 dxe5 16. Bc2 Be6 $15 {Ahlander,B-Chernyshov,K/
Berliner Sommer 1995/EXP 47/1-0 (88)}) 14... Nc6 (14... e4 $11 {Aseev}) 15. d5
Ne7 16. f4 $5 $13 {1/2-1/2 Ivanov,S-Aseev,K/St.Petersburg-ch 1997 (23)}) (7...
Re8 $5 8. e3 h6 9. Bh4 Qe7 10. Bd3 e5 11. Ne2 e4 12. Bc2 Bf5 13. h3 Nbd7 14. g4
(14. Qa5 c5 $1) 14... Bh7 15. O-O-O Rac8 16. Bg3 (16. Qa5 $5 {Salov}) 16... a6
$1 17. Qa5 c5 $1 18. Nc3 cxd4 19. Rxd4 Ne5 20. Bxe5 dxe5 21. Rd2 Rxc4 22. Rhd1
$44 {1-0 Salov,V-Kosashvili,Y/EUCup Gr7 1993 (82)}) 8. Nf3 $5 (8. e3 $5 e5 (
8... b6 $5 9. Bd3 Bb7 10. Ne2 Nbd7 11. O-O c5 12. b4 Rac8 13. Qd2 Ba6 14. Rfc1
cxd4 15. exd4 $14 {1/2-1/2 Alterman,B-Rechlis,G/ISR-chT 1996 (26)}) 9. O-O-O
$143 (9. Bd3 $5 {Alterman} h6 10. Bh4 exd4 11. Qxd4 g5 12. Bg3 Nc6 13. Qc3 Ne4
14. Bxe4 $1 (14. Qc2 $2 Nd4 15. Qd1 Nc5 16. Ne2 Nxd3+ 17. Qxd3 Nxe2 18. Qxe2
Bf5 $10) 14... Qxe4 15. f3 Qg6 (15... Qe7 $1 16. h4 Re8 17. Kf2 Ne5 $13) 16.
Ne2 b6 $2 (16... Re8 17. h4 $36) 17. h4 $16 {1-0 Alterman,B-Finkel,A/ISR-chT
1996 (32)}) 9... Re8 10. Bd3 Nbd7 11. Ne2 Nf8 12. f3 c6 13. Qc2 h6 14. Bh4 d5
$13 {1-0 Kahn,E-Kaunas,K/Budapest FS10 IM-A 1993 (36)}) 8... Re8 $5 (8... Nbd7
$5 9. e3 e5 10. Be2 Re8 11. Qc2 Nf8 12. O-O Ng6 13. dxe5 dxe5 14. c5 h6 15.
Bxf6 Qxf6 16. Bd3 Nf8 {1/2-1/2 Chekhova Kostina,T-Sirotkina,N/RUS-chW 1994}) 9.
e3 e5 $5 $146 (9... Nbd7 $5 10. Be2 $5 (10. Bd3 h6 11. Bxf6 Nxf6 {1/2-1/2
Sherbakov,R-Sher,M/Anapa 1991}) 10... b6 11. O-O Ne4 12. Bxe7 Nxc3 13. bxc3
Rxe7 14. Nd2 Bb7 15. a4 a5 16. Nb1 Bc6 17. Bd1 f5 18. Na3 Nf6 19. Nb5 $11 {
Onischuk,A-Seils,J/BL2-N 1995/1-0 (83)}) 10. Be2 $142 {/\0-0} Bf5 $6 {[%csl
Rb7]} (10... e4 11. Nd2 $140 Nd5 $5 12. Bxe7 $142 (12. cxd5 Qxg5 13. Qxc7 Qxg2
14. Rf1 Qxh2 $2 (14... Qg6 $13 {[%cal Gc8h3]}) 15. Nxe4 Bh3 $140 $4 16. Ng5 $18
{[%csl Rf7,Rh2][%cal Gg5f3,Gc7f7]}) 12... Nxc3 13. bxc3 Rxe7 $14) (10... Nbd7
$5) 11. Qb3 $5 {><b7} Nbd7 $1 12. O-O (12. Qxb7 $140 Reb8 13. Qxc7 Rxb2 $44 {
[%csl Re2][%cal Gb2e2]}) 12... h6 13. Bh4 (13. Bxf6 $6 Nxf6 {[%csl Gc7][%cal
Ye7c7]} 14. Qxb7 $6 (14. dxe5 dxe5 15. Qxb7 $2 (15. Rad1 $11) 15... Reb8 16.
Qa6 (16. Qc6 Be4 17. Qa4 Rxb2 18. Rfe1 Qc5 $17) 16... Rxb2 $36) 14... Reb8 15.
Qc6 exd4 $1 16. Nxd4 $140 Be4 17. Qa4 Rxb2 $15) 13... a5 $6 (13... b6 $5 $14)
14. Qxb7 g5 $1 (14... Rab8 $2 15. Qxc7 Rxb2 16. dxe5 (16. Rfe1 $5 e4 {[%csl
Rf3]} 17. Nd2 $1 Rxd2 18. Qxa5 {[%csl Re2,Rf5]} Rxe2 19. Rxe2 $14) 16... dxe5
17. Rfe1 a4 18. Bd1 $16 {[%csl Ra4]}) (14... Reb8 15. Qxc7 (15. Qc6 $16 {
[%csl Ra8]}) 15... Rxb2 $2 (15... g5 $1 {see 14...g5}) 16. Bd1 $16) 15. Bg3
Reb8 $8 (15... Rab8 $2 16. Qxc7 Rxb2 17. Rfe1 $16 {[%csl Rd6]} e4 $140 $2 18.
Bxd6 Qe6 19. Ne5 $18) 16. Qxc7 $1 (16. Qc6 $143 Be4 (16... Qd8 $5) 17. d5 (17.
Qxc7 $4 Rb7 $19 {[%csl Rc7]}) 17... Qd8 $14) 16... Rxb2 $2 (16... Rc8 $1 17.
Qb7 Rcb8 18. Qc6 Be4 19. Qa4 (19. d5 $4 Nc5 {[%csl Rc6]}) 19... Rxb2 20. Qd1
$142 $14 (20. Rfe1 $2 Bc2 21. Qc6 Be4 22. d5 (22. Qa4 Bc2 $11) (22. Qc7 $4 Rb7
$19) 22... Rab8 $13) (20. Bd1 $4 Nb6 $19)) 17. Rfe1 $16 Be4 (17... Ne4 $5 18.
dxe5 (18. c5 $5) 18... Nxg3 $8 19. hxg3 dxe5 20. Rad1 $16) 18. c5 $1 {[%csl
Rd6,Re5]} dxc5 (18... Ne8 $2 19. cxd6 Qe6 (19... Nxd6 20. Nxe5 $18) 20. Qc1 Rc2
21. Qd1 $18) 19. Nxe5 cxd4 20. exd4 Qd8 21. Qc3 $1 {><b2;/\Bc4} Rc2 22. Qb3 {
[%csl Rf7]} Nxe5 (22... Qe7 23. Bf3 $1 {[%csl Rc2,Ye4][%cal Gb3c2]} a4 (23...
Rb8 24. Ng6 $1 $18) 24. Qb1 Rb8 25. Qd1 $18) 23. Bxe5 a4 24. Qh3 $18 {[%csl
Re4,Rh6][%cal Ge2d1,Gh3h6]} 1-0

[Event "Japfa Classic"]
[Site "Bali"]
[Date "2000.04.29"]
[Round "4"]
[White "Seirawan, Yasser"]
[Black "Milos, Gilberto"]
[Result "1/2-1/2"]
[WhiteElo "2645"]
[BlackElo "2620"]
[Annotator "Golod,V"]
[PlyCount "49"]
[EventDate "2000.04.22"]
[EventType "tourn"]
[EventRounds "9"]
[EventCountry "INA"]
[EventCategory "16"]
[SourceTitle "CBM 077"]
[Source "ChessBase"]
[SourceDate "2000.07.27"]
[SourceVersion "1"]
[SourceVersionDate "2000.07.27"]
[SourceQuality "1"]

1. d4 Nf6 2. c4 e6 3. Nc3 Bb4 4. Qc2 O-O 5. a3 Bxc3+ 6. Qxc3 b6 7. Bg5 Ba6 $5 {
[%csl Rc4][%cal Ga6c4]} 8. e3 d6 9. Be2 $5 $146 {[%cal Ge2f3,Gf3a8]} ({Another
continuations are:} 9. f3 Nbd7 10. Bd3 (10. Nh3 h6 11. Bh4 Rc8 (11... c5 12.
dxc5 Nxc5 13. O-O-O Rc8 14. Bxf6 gxf6 15. Kb1 $14) 12. b4 (12. O-O-O $2 c5 13.
d5 (13. dxc5 $2 Rxc5 14. Rxd6 Qc7 $17) 13... exd5 14. cxd5 Bxf1 15. Rhxf1 b5
$17 {Tisdall,Jonathan D-Aagaard,Jacob/Politiken Cup,1996(0-1)(28)}) 12... c5
13. dxc5 bxc5 14. b5 Bb7 $132) 10... h6 11. Bh4 c5 12. dxc5 $11 (12. Rd1 Rc8
13. Ne2 (13. dxc5 Rxc5 14. Bg3 (14. Qd4 Qc7 15. b3 Ra5 16. a4 d5 $15) 14... Ne5
$15) 13... cxd4 14. Qxd4 Ne5 15. b3 Nxd3+ 16. Qxd3 d5 $15 {Comp Pentium
Fritz4-Kasparov,G/London, 1995(0-1)(46)})) (9. b4 $5 {See comments to Karpov,
A-Polgar,J/Hoogeveen,1999/CBM 74(1/2-1/2)(Golod,V)(39)}) (9. Nf3 {See comments
to Gabriel,C-Wells,P/Pulvermuehle,2000/CBM 75 (1/2-1/2)(Golod,V) (22)}) (9. Qc2
{[%cal Gg1e2,Ge2c3] See comments to Kacheishvili,G-Milov,V/Batumi,1999/CBM 74 
(0-1)(Golod,V) (21)}) (9. Bd3 $5 {See comments to Jelen,I-Gyimesi,Z/Baden,
1999/CBM 71(1/2-1/2)(Golod,V)(25)}) 9... Nbd7 10. Bf3 $5 {[%cal Gf3b7] With
this manoeuvr was connected previous move of white.} Rc8 11. b4 $5 (11. Ne2 $2
c5 $15 {[%csl Rc4]}) 11... c6 $5 {[%mdl 256] Black is preparing c6-c5 or e6-e5.
White BB par is not important in closed positions like this one.} ({White
prevented:} 11... c5 $4 {in view of:} 12. b5 cxd4 13. Qxd4 $18 {[%csl Ra6]})
12. Qb3 (12. Ne2 Qc7 {[%cal Gc6c5]} (12... d5 13. c5 $14) {After} 13. O-O {
black have number of ways to equalize:} c5 (13... e5 14. Bxf6 Nxf6 15. Ng3 (15.
dxe5 dxe5 16. Ng3 Rcd8 $11) 15... exd4 16. Qxd4 c5 $11) 14. dxc5 bxc5 15. b5
Bb7 16. Bxb7 Qxb7 {[%cal Gf6e4]} 17. Ng3 h6 18. Bxf6 Nxf6 19. Rfd1 d5 $132)
12... Qc7 13. Ne2 e5 $1 {[%csl Rf3][%cal Ge5e4] Black play against Bf3!} (13...
c5 $5 $132) (13... d5 14. cxd5 (14. c5 $6 e5 15. Bxf6 Nxf6 16. dxe5 Qxe5 17.
Nd4 bxc5 18. bxc5 $15 {[%csl Re1][%cal Ga6f1]}) 14... cxd5 15. b5 Bb7 16. Rc1
Qd6 17. O-O $14) 14. Bxf6 {White simplifice the game.To keep par of BB was not
effective:} (14. e4 $6 exd4 15. Nxd4 Rfe8 $15) (14. Ng3 $2 exd4 15. exd4 Rfe8+
16. Be2 d5 $17) (14. dxe5 $5 Nxe5 (14... dxe5 15. e4 h6 $5 (15... c5 $6 16. b5
Bb7 17. Nc3 h6 18. Be3 Rfd8 19. Nd5 Nxd5 (19... Bxd5 20. exd5 e4 21. Be2 $14)
20. exd5 Nf6 21. O-O $14) 16. Be3 Rfd8 {[%cal Gd7f8,Gf8e6] with plan to remove
Nd7 to e6} 17. O-O Nf8 18. Rfd1 Ne6 $132) 15. b5 Bb7 16. Bxf6 gxf6 (16... Nxf3+
17. gxf3 gxf6 18. Nd4 Kh8 19. Qc3 {[%csl Rf6][%cal Gc3f6]} Qe7 20. Nf5 Qe5 21.
Qxe5 dxe5 22. Ke2 (22. Nd6 Rc7 23. Nxb7 Rxb7 24. Ke2 $11) 22... Rc7 $11 (22...
Rfd8 23. Rhd1 cxb5 24. Nd6 (24. cxb5 Rc2+ 25. Kf1 Rg8 26. e4 Bc8 27. Rac1 Rxc1
28. Rxc1 Bxf5 29. exf5 Kg7 $11) 24... Rxd6 25. Rxd6 bxc4 26. Rd7 $16)) 17. Nd4
Rfe8 $132) 14... Nxf6 15. dxe5 dxe5 16. Ng3 e4 $1 {A little tactical trick!}
17. Be2 (17. Nxe4 $2 Nxe4 18. Bxe4 Qe5 {[%cal Ge5e4,Ge5a1]} 19. Qb1 Bxc4 $17 {
[%csl Re1][%cal Gc4f1]}) 17... c5 $11 {Black solved all of opening problem.} (
17... Rfd8 $11) 18. Qa4 (18. b5 $6 Bb7 19. O-O Qe5 (19... Rfd8 20. Rfd1 $11)
20. a4 h5 21. a5 h4 22. a6 hxg3 (22... Ba8 $5) 23. axb7 gxh2+ 24. Kh1 Rcd8 25.
Rxa7 Rd2 $132) 18... Bb7 19. O-O ({Loses right away:} 19. Qxa7 $4 Ra8) 19...
Bc6 (19... a6 20. Rfd1 $11) 20. b5 Bd7 21. Rfd1 Rcd8 22. Ra2 (22. Qc2 Qe5 23.
a4 {[%cal Ga4a5]} h5 $1 24. a5 h4 $132) 22... Be6 23. Rad2 Rxd2 24. Rxd2 g6 25.
Qc2 {Black neutralized the white opening idea successful.} (25. Qd1 Qe5 $11) (
25. Qc2 Qe5 $11) 1/2-1/2

[Event "EU-ch 4th"]
[Site "Istanbul"]
[Date "2003.06.10"]
[Round "10"]
[White "Gurevich, Mikhail"]
[Black "Agrest, Evgenij"]
[Result "1/2-1/2"]
[WhiteElo "2635"]
[BlackElo "2591"]
[Annotator "Golod,V"]
[PlyCount "92"]
[EventDate "2003.05.30"]
[EventType "swiss"]
[EventRounds "13"]
[EventCountry "TUR"]
[SourceTitle "CBM 096"]
[Source "ChessBase"]
[SourceDate "2003.09.25"]
[SourceVersion "1"]
[SourceVersionDate "2003.09.25"]
[SourceQuality "1"]

1. d4 Nf6 2. c4 e6 3. Nc3 Bb4 4. Qc2 d6 5. a3 Bxc3+ 6. Qxc3 O-O 7. g3 {Besides
this move,White has few alternatives:} (7. Bg5 $5 {See my comments to
Stefansson,H-Kortschnoj,V/Reykjavik,2003/CBM 94(0-1)(44)}) (7. f3 $5 {See my
comments to Golod,V-Sulypa,A/Lvov,2001/CBM 87(1/2-1/2)(31)}) ({and} 7. Nf3 {
See my comments to Mikhalchishin,A-Graf,A/Leipzig,2002/CBM 89(1/2-1/2)(37)})
7... e5 $5 {Also were checked up in previous games: 7...Qe7!?; 7...Re8!?; 7...
Nbd7; 7...Bd7; 7...a5; 7...Ne4 and 7...c5.} 8. dxe5 ({I do not think that it
was much better:} 8. Bg2) ({or} 8. Nf3 $6 exd4 9. Nxd4 d5 $1 $36 {Marin,
M-Psakhis,L/Tallinn,1989(0-1)(42)}) 8... dxe5 9. Bg2 ({Pretty dubiously:} 9.
Qxe5 {in view of:} Nc6 10. Qc3 $140 Ne4 {with strong initiative.}) 9... Re8 ({
Is a possible continuation of the play:} 9... Qe7) 10. Nf3 $5 {Also were
checked in the preceding games: 10.h3!? /\Be3,><g4; 10.Bg5?!; 10.b4; 10.Be3
and 10.b3.} Nc6 11. Be3 ({Senselessly:} 11. Bg5 {because of:} h6 12. Rd1 Qe7
$11 {[%csl Ye7][%cal Ye7f6]}) 11... a5 {[%csl Ya5][%cal Ya5b4] This move is
directed against progress "b4".} ({On:} 11... Bg4 $5 {you can find two games
in Mega Database 2003.}) 12. Rd1 $5 $146 ({The games,which have reached this
position were continued as follows:} 12. b3 Ng4 (12... Qe7 $5 13. O-O h6 14.
Rfd1 {1/2-1/2 Sadler,M-Renet,O/Linares,1995(14)}) 13. Bg5 Qd6 14. h3 e4 $5 15.
hxg4 exf3 16. Bxf3 Qg6 17. Be3 Bxg4 $11 {Wiley,T-Baklan,V/Metz,2003(0-1)(60)})
12... Qe7 13. O-O h6 {[%cal Gf6g4] /\Ng4 and probably e4-e3.} ({It was
dubiously:} 13... Ng4 {in view of:} 14. Bg5 f6 $140 15. Bc1 {[%csl Gc1,Yd1,Yf1,
Rg4][%cal Gh2h3]} e4 16. Nd4 $14) 14. h3 {[%csl Yh3]} Bf5 {Last moves were
made according to the standard chess norms.} 15. Qb3 $6 {It's discrepancy,
which allows to improve a position of the Black's pieces.} ({Can be
recoomended:} 15. Nd2 $5 a4 16. g4 Bg6 17. c5 {[%cal Gd2c4]} e4 $13) 15... a4
$1 {This move is much better,than:} (15... Be4 {[%csl Rb7,Ye4]} 16. Qb5 b6 $140
17. c5 {+/=/=}) ({or} 15... b6 $6 16. c5 $36 {[%csl Rc6][%cal Gf3h4]}) 16. Qc3
({Leads to favourable complications for Black:} 16. Qxb7 $6 Be4 $1 {[%csl Rb7]
[%cal Ge8b8]} (16... Na5 $143 17. Qb5 Be4 18. Qxa4 Reb8 $44 {[%csl Ra4]}) 17.
Nd2 Bxg2 (17... Reb8 $6 18. Qxa8 Rxa8 19. Nxe4 Nxe4 20. Bxe4 Ra6 21. c5 $13 {
[%csl Ge3,Ye4]}) 18. Kxg2 Qe6 $1 $15 {[%csl Rb7] /\19...Reb8 20.Qxc7 Ne8 (ףc7)
} 19. Qxc7 $140 $4 Rec8 20. Qb6 Rcb8 21. Qc5 (21. Qc7 Ne8 {[%csl Rc7]}) 21...
Ra5 $19 {[%csl Rc5]}) 16... Bh7 {This move is directed against progress "g4",
which now considerably loses in force.} ({From my point of view,it was better:
} 16... Ne4 $5 17. Qc1 Rad8 18. Rd5 $140 Be6) 17. g4 Be4 {The bishop makes in
succession 2-nd move.} ({It deserves attention:} 17... Ne4 $5) 18. Rfe1 Qe6 (
18... Rad8 $5) 19. g5 $1 {Differently,position of Black can become preferable.}
(19. Kh2 $143 Nh7 {=/=/+}) 19... Bxf3 {Black had no other worthy alternative:}
(19... Nh7 $6 20. gxh6 gxh6 21. Kh2 $14 {[%csl Rg8]}) 20. exf3 ({Absolutely
unjustified sacrifice of the pawn:} 20. Bxf3 $2 hxg5 {[%csl Rh3]}) 20... hxg5
21. Bxg5 {BB/NN} Qf5 (21... Nh7 $143 22. f4) ({Leads to unclear position:} 
21... Nh5 $5 22. f4 {[%csl Re6]} Qg6 23. Be4 $1 f5 $140 24. Bxc6 bxc6 25. Kh2
exf4 26. Rxe8+ Rxe8 27. Rg1 $13 {[%csl Rh5]}) 22. f4 {It is necessary to open /
^ a8-h1 for the second bishop.} exf4 {[%csl Rg5] It was logical to play on the
equation of a position,after previous move: 21...Qf5.} (22... Nh7 $6 23. Be4
Qe6 24. f5 Qc8 25. Qg3 $14) 23. Bxf6 Qxf6 {For Black it is certainly
favourable to exchange QQ.} (23... gxf6 $6 24. Bxc6 bxc6 25. Kh2 $14 {[%csl
Rg8]}) 24. Qxf6 gxf6 25. Bxc6 bxc6 {Position of White is a little better at
the expense of the best pawn chain.} 26. Rxe8+ (26. Kg2 $143 Re5 {[%csl Rb2]
[%cal Ga8b8]}) 26... Rxe8 27. Kg2 ({Leads to equality:} 27. c5 Rb8 (27... Re4
$143 {[%cal Ge4c4]} 28. Kg2 Rc4 29. Rd8+ Kg7 30. Ra8 {[%csl Ra4,Rc6][%cal
Ga8a6]}) 28. Rd2 Rb3 {[%cal Yb3h3]} 29. Kg2 Kg7 30. Rd4 Rxb2 31. Rxa4 Rc2 32.
Ra5 Kg6 $11) 27... Rb8 {[%csl Rb2]} 28. Rd7 ({Hardly is better:} 28. Rd2 Rb3 {
[%cal Yb3h3]}) 28... Rxb2 29. Rd8+ (29. Rxc7 Rb3 30. Rxc6 Kg7 $11 {[%csl Ra3]})
29... Kg7 30. Ra8 Rb3 31. Rxa4 Rc3 $1 $11 {[%csl Ra3,Rc4] Black perfectly use
weakness of the White's pawns.} 32. h4 c5 33. Ra7 Rxc4 34. Rxc7 Ra4 {Drawn
game is inevitable.} 35. Rxc5 Rxa3 36. Rf5 {[%csl Rf4]} Kg6 37. Rxf4 f5 38. Rf3
{Interestingly,that the contenders continue a game up to the naked kings...}
Ra4 39. Kg3 Rg4+ 40. Kh3 f6 $22 {[%csl Rh4][%cal Gg6h5]} 41. Rg3 Kh5 {[%csl
Rh4]} 42. Rxg4 fxg4+ 43. Kg3 f5 44. f3 (44. Kf4 $144 Kxh4 45. Kxf5 g3 (45...
Kh3 46. Kf4 Kg2 47. Kxg4 Kxf2) 46. fxg3+ Kxg3) 44... f4+ 45. Kxf4 gxf3 46. Kxf3
Kxh4 1/2-1/2

[Event "VAM Hoogeveen op"]
[Site "Hoogeveen"]
[Date "1998.10.18"]
[Round "3"]
[White "Golod, Vitali"]
[Black "Dgebuadze, Alexandre"]
[Result "1-0"]
[WhiteElo "2555"]
[BlackElo "2505"]
[Annotator "Golod,V"]
[PlyCount "103"]
[EventDate "1998.09.??"]
[EventType "swiss"]
[EventRounds "9"]
[EventCountry "NED"]
[SourceTitle "EXT 1999"]
[Source "ChessBase"]
[SourceDate "1998.11.16"]
[SourceVersion "1"]
[SourceVersionDate "1998.11.16"]
[SourceQuality "1"]

1. d4 Nf6 2. c4 e6 3. Nc3 Bb4 4. Qc2 O-O 5. a3 Bxc3+ 6. Qxc3 b6 7. Bg5 Ba6 $5 (
{Other variations are:} 7... c5) (7... Bb7) 8. f3 $6 $146 (8. e3 $5 {-is the
main line,other options are:}) (8. Nf3) (8. Rc1) 8... d5 $1 $11 ({Worse is:} 
8... c5 9. dxc5 bxc5 10. e3 $14) 9. e3 ({Dubious:} 9. cxd5 exd5 10. Bxf6 Qxf6
$15 {[%csl Rd4]}) 9... Nbd7 10. Nh3 {[%cal Yh3g5]} h6 $5 11. Bh4 c5 ({Can be
recommended:} 11... Rc8 $5 {[%cal Gc7c5]} 12. cxd5 (12. b4 $2 Ne4 $1 $17) 12...
Bxf1 13. Rxf1 (13. dxe6 $4 Bxg2 14. exd7 Qxd7 15. Rg1 Nd5 $1 $19) 13... exd5
14. Bxf6 Nxf6 15. Kf2 c5 $15) 12. dxc5 bxc5 (12... Nxc5 $2 13. Bxf6 Qxf6 14.
Qxf6 gxf6 15. cxd5 $16) 13. cxd5 (13. Rd1 $143 Qb6 $36 {[%csl Rb2][%cal Ga8b8]}
) 13... Bxf1 14. Rxf1 ({This move:} 14. dxe6 $4 {is refuted by:} Bxg2 15. Rg1
Bxh3 16. exd7 g5 $1 $19) 14... exd5 ({Worse is:} 14... Nxd5 15. Bxd8 Nxc3 16.
Ba5 $14) 15. Bxf6 $5 Nxf6 $5 (15... Qxf6 $5 16. Qxf6 Nxf6 17. Nf4 $1 (17. O-O-O
$143 g5 $1 {=/+/=}) 17... g5 (17... Rfe8 18. O-O-O $11) 18. Nd3 c4 19. Nb4 a5
20. Nc2 {with equal odds in the endgame.}) 16. Qxc5 Qb8 $1 {[%csl Rb2,Rh2]} (
16... Rc8 $2 17. Qxa7 $1 {[%cal Ge1f2,Gf2g1]} Rc7 18. Qd4 Rc4 19. Qd2 $16) 17.
Qd4 {-is the better move} Rc8 $5 (17... Qxh2 $143 18. Kf2 Rfc8 19. Rac1 $14)
18. Nf4 Rc4 19. Qd2 Qe5 ({Can be recommended:} 19... Qb3 $5 20. Rf2 $5 (20. Rc1
$143 Rac8 $5 $44 (20... Rxf4 $2 21. Rc3 $1 (21. exf4 Re8+ 22. Kf2 Qb6+ 23. Kg3
$16) 21... Ne4 22. Rxb3 Nxd2 23. Kxd2 {+/-/+-})) 20... Rac8 {[%csl Rc2]} 21.
Re2 (21. Rd1 $2 Rc2 22. Qd4 Rxf2 23. Kxf2 Rc4 $36) 21... Rc2 22. Qd4 Rxe2+ 23.
Nxe2 Rc2 24. Rc1 $11) 20. Kf2 Rb8 $5 ({Good enough:} 20... g5 $5 21. Nd3 (21.
Ne2 $143 Qxh2 22. Ng3 Rg4 $1 (22... Rac8 $5 23. Rh1 Rc2 24. Rad1 Qxh1 25. Nxh1
Rxd2+ 26. Rxd2 $11) 23. fxg4 $8 Nxg4+ (23... Qxg3+ $4 24. Kxg3 Ne4+ 25. Kh2
Nxd2 26. Rf6 $18) 24. Kf3 Ne5+ 25. Kf2 (25. Ke2 $2 Qxg2+ 26. Kd1 Qxg3 $17)
25... Ng4+ $11) 21... Qxh2 22. Rh1 Qd6 {[%csl Yd6,Rh6]} 23. b3 $1 {+/=/=}) 21.
b4 g5 22. Ne2 a5 $6 ({Better is:} 22... Qxh2 $5 23. Rh1 Qd6 24. Nd4 h5 $13) 23.
Kg1 $6 (23. Rab1 $5 $14) 23... axb4 24. axb4 Rcxb4 25. Nd4 {+/=/=} Rb2 26. Qd3
g4 $5 (26... h5 $5 27. Rae1 (27. Nc6 $4 Rxg2+ $3 28. Kxg2 Rb2+ 29. Rf2 $8 Rxf2+
30. Kxf2 Qxh2+ $1 (30... Qxa1 31. Qf5 $15) 31. Ke1 Qg1+ 32. Qf1 Qxe3+ 33. Kd1 (
33. Qe2 Qc3+ $19 {[%csl Rc6]}) 33... Qb3+ $1 34. Kd2 Qb2+ 35. Kd3 Qb5+ $19))
27. Rae1 ({Badly:} 27. Nc6 $4 {in view of:} Rxg2+ $3 28. Kxg2 Rb2+ 29. Rf2 $8
Rxf2+ 30. Kxf2 Qxh2+ $5 (30... Qxa1 31. Qf1 $5 $17 {[%cal Gc6d4]}) 31. Ke1 Qg1+
32. Qf1 Qxe3+ 33. Kd1 Qb3+ 34. Kd2 Qb2+ 35. Ke3 Qc3+ 36. Kf2 Qxc6 37. fxg4 $17)
27... Ra8 $5 {[%csl Rg2][%cal Ga8a2]} 28. Re2 Rxe2 29. Qxe2 Ra3 30. Re1 h5 $6
$138 (30... gxf3 $5 31. Qxf3 Ne4 $11) 31. Qf2 h4 $2 (31... gxf3 $142) 32. fxg4
$1 Nxg4 33. Qxh4 Nxe3 34. Nf3 $1 $16 {(with a strong attack)} Qe4 ({Loses:} 
34... Qg7 $2 35. Qd8+ Kh7 (35... Qf8 36. Qg5+ Qg7 37. Rxe3 $1 Qxg5 $140 38.
Re8+ Kg7 39. Nxg5 $18) 36. Ng5+ {[%csl Ra3]} Kg6 37. Qd6+ Kxg5 38. Qxa3 d4 $18
{and see the game after-43...d4}) (34... Qf5 35. Qe7 Nc4 36. Ng5 $40 {[%cal
Ge1f1]}) (34... Qc3 $142 $5) 35. Qg5+ Kf8 {-is best move.} (35... Kh8 $143 36.
Ne5 $1 Qf5 37. Qe7 $18) (35... Kh7 $143 36. Ne5 $1 $40) 36. Qf6 $5 (36. Ne5 $2
Qf5 37. Qh6+ Kg8 38. Nc6 Qe4 $1 $14 (38... Qf2+ 39. Kxf2 Ng4+ 40. Kg1 Nxh6 41.
Ne7+ Kg7 42. Nxd5 $16 {_|_})) 36... Qg6 $2 (36... Kg8 $142 $16) 37. Qh8+ {
[%csl Ra3,Re3]} Qg8 (37... Ke7 $5 38. Qe5+ Qe6 $8 39. Qc7+ Kf6 (39... Kf8 $2
40. Ng5 Qe7 (40... Qe8 41. Qd6+ Qe7 42. Nh7+ Ke8 43. Nf6+ Kf8 44. Qxe7+ Kxe7
45. Nxd5+ $18) 41. Nh7+ Ke8 42. Qc8+ Qd8 43. Nf6+ (43. Qc6+ $5 Ke7 $8 44. Rb1
$1 $18) 43... Ke7 44. Qc5+ Qd6 (44... Kxf6 45. Qxa3 $18) 45. Nxd5+ $1 $18) 40.
Qb8 $1 $18 {[%csl Ra3,Re3,Rf6]}) 38. Qh6+ Qg7 $8 39. Qd6+ Kg8 ({Also loses:} 
39... Ke8 40. Qc6+ $1 Kd8 (40... Ke7 41. Rxe3+ $1 Rxe3 42. Qc5+) (40... Kf8 41.
Qc8+ $1 Ke7 42. Rxe3+ $1 Rxe3 43. Qc5+) 41. Rxe3 Rxe3 42. Qb6+ Kd7 43. Qxe3 $18
) 40. Qd8+ $1 Kh7 (40... Qf8 $143 41. Qg5+ Qg7 (41... Kh7 42. Rxe3 Qc5 43. Kf2
$18) 42. Rxe3 $1 Qxg5 $140 43. Re8+ Kg7 44. Nxg5 $18) 41. Ng5+ $1 {[%csl Ra3]}
Kh6 42. Qd6+ Kxg5 43. Qxa3 $18 d4 44. Qe7+ $1 {/\Qe4} Kg4 (44... Kg6 45. Ra1
$18) 45. Qe4+ Kg5 46. g3 $5 f5 47. Qf4+ Kg6 48. Rb1 {(><b7;/\Rb6+)} Qa7 49. Qb8
$1 Qa2 {After this move,I have a forcing win.} (49... Qxb8 50. Rxb8 f4 (50...
d3 51. Rd8) 51. gxf4 Kf5 52. Rf8+ Ke4 53. Kf2 $18) 50. Rb6+ Kh5 $8 (50... Kg5
51. Qf4+ Kh5 52. Qh4#) 51. Qh8+ Kg4 $8 (51... Kg5 52. Qh4#) 52. Qxd4+ {Please
pay your attention to the fantastic work of the white queen.} (52. Qh4+ Kf3 53.
Qf4+ Ke2 54. Qf2+ {[%csl Ra2]}) (52. Qxd4+ Kf3 53. Qf4+ Ke2 54. Qf2+) 1-0